| 000 | 00580nam a2200181Ia 4500 | ||
|---|---|---|---|
| 003 | GCL | ||
| 008 | 140319s9999 xx 000 0 ara d | ||
| 040 |
_aGCL / _cGCL |
||
| 082 | 0 | 4 |
_a189,9 _bم ف |
| 100 | 1 | _aمحمد ابوحمدان | |
| 245 | 1 | 0 |
_aالفلاسفة والفكر الاسلامى . / _cمحمد ابوحمدان |
| 260 |
_a[S.N] : _bدار الكتاب اللبنانى |
||
| 490 |
_aسلسلة من الابحاث _v0 |
||
| 650 | 0 | 4 | _aالفلسفة الاسلامية |
| 650 | 0 | 4 | _aالاسلام |
| 650 | 0 | 4 | _aالفكر الاسلامى |
| 942 |
_2ddc _cBK |
||
| 999 |
_c58919 _d58919 |
||